000 00397nam a2200157 a 4500
001 2592
005 20140414132012.0
008 040131s19uu xx 00 eng d
020 _a0-395-16965-8
050 _aTR
_bC94 1958
100 _aRey, Margret
245 _aCurious George flies a kite /
_cMargret Rey.
260 _aU.S.A :
_bNew Field,
_c1958.
300 _a80 p. ; cm.
999 _c113302
_d113302